LEADER 04080nam 22006015 450 001 9910637717103321 005 20251113205603.0 010 $a3-031-09319-4 024 7 $a10.1007/978-3-031-09319-7 035 $a(MiAaPQ)EBC7165856 035 $a(Au-PeEL)EBL7165856 035 $a(CKB)25913876800041 035 $a(DE-He213)978-3-031-09319-7 035 $a(PPN)267815972 035 $a(EXLCZ)9925913876800041 100 $a20221231d2023 u| 0 101 0 $aeng 135 $aurcnu|||||||| 181 $ctxt$2rdacontent 182 $cc$2rdamedia 183 $acr$2rdacarrier 200 10$a3D Printing for Construction with Alternative Materials /$fedited by Bárbara Rangel, Ana Sofia Guimarães, Jorge Lino, Leonardo Santana 205 $a1st ed. 2023. 210 1$aCham :$cSpringer International Publishing :$cImprint: Springer,$d2023. 215 $a1 online resource (177 pages) 225 1 $aDigital Innovations in Architecture, Engineering and Construction,$x2731-7277 311 08$aPrint version: Rangel, Bárbara 3D Printing for Construction with Alternative Materials Cham : Springer International Publishing AG,c2023 9783031093180 320 $aIncludes bibliographical references. 327 $aHow 3DPC will transform architectural design -- Giving shape and functionality to the matter: Digital construction -- WASP in the edge of 3DPrinting with soil -- Architectonic cement-based composites 3d printing -- 3D print with salt -- Use of waste materials to reduce cement and natural aggregates in 3D printing mortars -- 4D printing and construction: reality, future, or science fiction. 330 $aThis book explores the latest achievements and design possibilities that 3D printing for construction (DPC) can offer, the alternative materials to natural aggregates or cement and even the 4th dimension that is already starting in this area. DPC materiality is starting to be explored in architecture as a new design language to reach not only outrageous forms but also to leverage the building process and its performance. Like Corbusier explored the concrete potentiality of concrete to release the façade and the plan, 3DPC is allowing to straighten design freedom with building performance. Industry and Scientific research are offering design professionals possibilities to start a new design movement. New paths are also starting to be tracked to reduce even more this building system footprint, stalking alternatives to Portland cement (PC). Today is already possible to build with the soil from the buildings? ground. Leftovers from various industries are opening possibilities to decrease the PC and natural aggregates rate in printable mortars. From the industry, salt is becoming a possibility to be used in 3DPC. Sugar can ashes are improving the mortar performance reducing adjuvants. Construction and demolition waste can substitute natural aggregates and even offer new textures and color possibilities. Finally, to close this edition, the latest steps on the use of Phase Change Materials in additive manufacturing are collected to raise awareness to the next step of AM, the 4D printing. 410 0$aDigital Innovations in Architecture, Engineering and Construction,$x2731-7277 606 $aBuildings$xDesign and construction 606 $aTechnological innovations 606 $aIndustrial management 606 $aBuilding Construction and Design 606 $aInnovation and Technology Management 606 $aIndustrial Management 615 0$aBuildings$xDesign and construction. 615 0$aTechnological innovations. 615 0$aIndustrial management. 615 14$aBuilding Construction and Design. 615 24$aInnovation and Technology Management. 615 24$aIndustrial Management. 676 $a031 676 $a621.988 702 $aRangel$b Ba?rbara 801 0$bMiAaPQ 801 1$bMiAaPQ 801 2$bMiAaPQ 906 $aBOOK 912 $a9910637717103321 996 $a3D Printing for Construction with Alternative Materials$93003088 997 $aUNINA